Statistics for Champions League Teams 21/22

Click here to take the quiz!

General Stats

  • This quiz has been taken 23 times
  • The average score is 14 of 32

Answer Stats

GroupAnswer% Correct
AParis Saint Germain
89%
AManchester City
84%
DReal Madrid
84%
BLiverpool
79%
EBarcelona
74%
DInter Milan
68%
HJuventus
68%
FManchester United
68%
BAC Milan
63%
HChelsea
63%
BFC Porto
58%
CAjax
53%
EBayern Munich
53%
ARB Leipzig
53%
GSevilla
47%
FAtalanta
42%
EDynamo Kyiv
42%
GLille
42%
FVillarreal
42%
EBenfica
37%
CSporting Lisbon
32%
BAthletico Madrid
26%
FYoung Boys
26%
HZenit St Petersburg
26%
CBesiktas
21%
GVfL Wolfsburg
21%
CBorrusia Dortmund
16%
DShakhtar Donetsk
16%
DSheriff Tiraspol
16%
HMalmo FF
5%
AClub Bruges
0%
GFC Red Bull Salzburg
0%

Score Distribution

Percentile by Number Answered

Percent of People with Each Score

Your Score History

You have not taken this quiz